| 000 | 01076nas a2200277 c 4500 | ||
|---|---|---|---|
| 003 | BLK | ||
| 005 | 20180421003141.0 | ||
| 008 | 180413b bul rap|r|||| |0| c1bulo| | ||
| 010 | _aPRD00003511000 | ||
| 022 | _a1310-9189 | ||
| 040 | _aBLK | ||
| 041 |
_aBUL _cBUL |
||
| 080 |
_aФармация. Фармакология. Обща терапия. Токсикология. Интензивна терапия _b615 _x _z615 |
||
| 110 | 1 |
_aИзд. на Търг. Лига ООД _eРед. кол.: Димитър Димитров _9360448 |
|
| 245 | 1 | 0 |
_aЕ _cИзд. на Търг. Лига ООД ; Ред. кол.: Димитър Димитров _fНачална год. на издаване: 1997, № 1, |
| 257 | _aBGR | ||
| 260 |
_аСофия _bArtine Ltd. _c1997 |
||
| 300 | _c29 | ||
| 310 |
_апериодичност: 0 _eсрок за съхранение: 99 |
||
| 380 | _a61 | ||
| 852 | _aБ 2423 | ||
| 856 |
_qpdf _u |
||
| 856 |
_qpdf _u |
||
| 942 |
_cJOU _n0 _s1 |
||
| 944 |
_aCR _cМария_Кръстева _k15.01.2003 |
||
| 944 |
_aED _cЛюдмила_Стоянова _k27.03.2018 |
||
| 999 |
_c294661 _d294661 |
||